[Event "Gibtelecom Masters 2005"]
[Site "Gibraltar ENG"]
[Date "2005.01.30"]
[Round "6.12"]
[White "Kristjansson, Stefan"]
[Black "Al Sayed, Mohamad Naser"]
[Result "1/2-1/2"]
[WhiteElo "2438"]
[BlackElo "2463"]
[PlyCount "92"]
[EventDate "2005.01.26"]
[EventType "swiss"]
[EventRounds "10"]
[EventCountry "ENG"]
[Source "lmi"]
[SourceDate "2005.02.03"]

1. e4 c5 2. Nf3 g6 3. d4 Bg7 4. c4 Qb6 5. dxc5 Qxc5 6. Be2 Nc6 7. O-O d6 8. h3
Be6 9. Be3 Qb4 10. Nbd2 Qxb2 11. Nb3 Qa3 12. Nfd4 Nxd4 13. Nxd4 Bd7 14. Rb1 Nf6
15. Rxb7 Qxa2 16. c5 dxc5 17. e5 Nd5 18. Nb3 Be6 19. Bb5+ Kf8 20. Bxc5 Bxe5 21.
Nd4 Bc8 22. Rxe7 Nxe7 23. Re1 Bf6 24. Qf3 Kg7 25. Qxa8 a6 26. Nf3 Qd5 27. Qa7
Nf5 28. Bf1 Qb7 29. Rc1 Rd8 30. Bb6 Qxa7 31. Bxa7 Bb7 32. Be2 Rd7 33. Bb6 Ne7
34. Ba5 Nc6 35. Bc3 Bxc3 36. Rxc3 Nb4 37. Ra3 Bxf3 38. Bxf3 Rd6 39. Ra4 Rb6 40.
Kf1 Kf6 41. Be2 Ke5 42. g3 f5 43. h4 f4 44. Kg2 fxg3 45. fxg3 Ke4 46. Bxa6 Rxa6
1/2-1/2

[Event "Gibtelecom Masters 2005"]
[Site "Gibraltar ENG"]
[Date "2005.01.30"]
[Round "6.13"]
[White "Tregubov, Pavel V"]
[Black "Rendle, Thomas"]
[Result "1/2-1/2"]
[WhiteElo "2629"]
[BlackElo "2370"]
[PlyCount "56"]
[EventDate "2005.01.26"]
[EventType "swiss"]
[EventRounds "10"]
[EventCountry "ENG"]
[Source "lmi"]
[SourceDate "2005.02.03"]

1. d4 f5 2. g3 Nf6 3. Bg2 g6 4. c4 Bg7 5. Nf3 O-O 6. O-O d6 7. Nc3 c6 8. b3 Na6
9. Bb2 Nc7 10. Rb1 Rb8 11. d5 Qe8 12. b4 Bd7 13. Nd4 cxd5 14. cxd5 Qf7 15. Qb3
g5 16. e3 Qh5 17. Qd1 Qh6 18. Qe2 f4 19. Rbd1 Ng4 20. h3 Ne5 21. exf4 gxf4 22.
Bc1 f3 23. Nxf3 Nxf3+ 24. Bxf3 Qxh3 25. Bg2 Qf5 26. Bb2 Qf7 27. a4 Qg6 28. Be4
Bf5 1/2-1/2

[Event "Gibtelecom Masters 2005"]
[Site "Gibraltar ENG"]
[Date "2005.01.30"]
[Round "6.14"]
[White "Dworakowska, Joanna"]
[Black "Areshchenko, Alexander"]
[Result "0-1"]
[WhiteElo "2395"]
[BlackElo "2570"]
[PlyCount "140"]
[EventDate "2005.01.26"]
[EventType "swiss"]
[EventRounds "10"]
[EventCountry "ENG"]
[Source "lmi"]
[SourceDate "2005.02.03"]

1. e4 c5 2. Nf3 d6 3. d4 cxd4 4. Nxd4 Nf6 5. Nc3 a6 6. Bg5 e6 7. f4 Nc6 8. e5
h6 9. Bh4 g5 10. fxg5 Nd5 11. Nxd5 exd5 12. exd6 Bxd6 13. Nxc6 bxc6 14. Qd4
Qe7+ 15. Be2 Be5 16. Qa4 Qd6 17. Bg3 Bd7 18. Qh4 Rb8 19. O-O Bxg3 20. hxg3 Qe5
21. g6 fxg6 22. Rae1 g5 23. Qa4 Kd8 24. Bg4 Qxb2 25. Bxd7 Kxd7 26. Rf7+ Kd6 27.
Rfe7 Kc5 28. Kh2 Qb4 29. Qxa6 Ra8 30. Qe2 Rhf8 31. Qe6 Rad8 32. a3 Qd4 33. Rb1
Qe4 34. Qxe4 dxe4 35. Rxe4 Rd2 36. Re6 Rff2 37. Rg1 Rd6 38. Rxd6 Kxd6 39. Kh3
h5 40. Rd1+ Ke5 41. a4 Rxc2 42. Ra1 Kd6 43. a5 Kc7 44. a6 Kb8 45. a7+ Ka8 46.
Ra6 Rc1 47. Kh2 g4 48. Ra4 Re1 49. Ra6 c5 50. Rc6 Rc1 51. Rc7 c4 52. Rh7 Re1
53. Rc7 Rc1 54. Rh7 c3 55. Rc7 Rc2 56. Kg1 h4 57. gxh4 g3 58. Kf1 Rf2+ 59. Kg1
c2 60. h5 Rd2 61. Kf1 Rd1+ 62. Ke2 c1=Q 63. Rxc1 Rxc1 64. Kf3 Kxa7 65. Kxg3 Kb6
66. Kf4 Kc7 67. Kf5 Kd7 68. g4 Rc6 69. g5 Ke7 70. h6 Kf7 0-1

[Event "Gibtelecom Masters 2005"]
[Site "Gibraltar ENG"]
[Date "2005.01.30"]
[Round "6.15"]
[White "Bellon Lopez, Juan Manuel"]
[Black "Hamdouchi, Hichem"]
[Result "0-1"]
[WhiteElo "2428"]
[BlackElo "2555"]
[PlyCount "158"]
[EventDate "2005.01.26"]
[EventType "swiss"]
[EventRounds "10"]
[EventCountry "ENG"]
[Source "lmi"]
[SourceDate "2005.02.03"]

1. d4 Nf6 2. Nf3 d5 3. c4 c6 4. Nc3 e6 5. Bg5 Nbd7 6. e3 Qa5 7. Nd2 dxc4 8.
Bxf6 Nxf6 9. Nxc4 Qc7 10. Be2 Be7 11. Rc1 O-O 12. O-O Rd8 13. Qc2 Bd7 14. a3
Be8 15. h3 Rac8 16. Rfd1 h6 17. b4 Nd5 18. Qb2 Qb8 19. Bd3 b6 20. Bb1 Nxc3 21.
Qxc3 c5 22. dxc5 Rxd1+ 23. Rxd1 bxc5 24. bxc5 Rxc5 25. Bd3 Qc7 26. Qb3 Bc6 27.
Rb1 Bb5 28. Rc1 Qc6 29. Bf1 Qa6 30. Qd3 Rc8 31. Rc3 Bf6 32. Rc2 Qa4 33. Rc1 Be7
34. Rc3 Rd8 35. Qc2 Qxc2 36. Rxc2 Rd1 37. Rc3 a6 38. a4 Bf6 39. axb5 Bxc3 40.
bxa6 Ra1 41. Nd6 Bb4 42. Ne4 f5 43. Ng3 Bc5 44. h4 g6 45. Ne2 Kf7 46. Nf4 Bd6
47. g3 g5 48. hxg5 hxg5 49. Nh3 Kf6 50. Kg2 Bc5 51. Bc4 Ra4 52. Bb5 Ra2 53. Kf1
e5 54. Bc4 Rc2 55. Bd3 Rd2 56. Be2 g4 57. Ng1 Rb2 58. Kg2 Ke7 59. Kf1 Kd6 60.
Kg2 Kc7 61. Kf1 Kb6 62. Bd3 f4 63. gxf4 exf4 64. Ne2 f3 65. Nc3 Rd2 66. Be4
Kxa6 67. Kg1 Bd6 68. Bd5 Be5 69. Bc4+ Kb7 70. Ne4 Rd1+ 71. Bf1 Kc6 72. Ng5 Kd5
73. Nf7 Bg7 74. Nd8 Rb1 75. Nf7 Ke6 76. Nd8+ Kf5 77. Nc6 Be5 78. Na5 Bh2+ 79.
Kxh2 Rxf1 0-1

[Event "Gibtelecom Masters 2005"]
[Site "Gibraltar ENG"]
[Date "2005.01.30"]
[Round "6.16"]
[White "Erenburg, Sergey"]
[Black "Pert, Richard G"]
[Result "1/2-1/2"]
[WhiteElo "2551"]
[BlackElo "2417"]
[PlyCount "34"]
[EventDate "2005.01.26"]
[EventType "swiss"]
[EventRounds "10"]
[EventCountry "ENG"]
[Source "lmi"]
[SourceDate "2005.02.03"]

1. e4 c5 2. Nf3 Nc6 3. d4 cxd4 4. Nxd4 g6 5. c4 Bg7 6. Be3 Nf6 7. Nc3 O-O 8.
Be2 d6 9. O-O Nxd4 10. Bxd4 Bd7 11. Qd2 Bc6 12. f3 Nd7 13. Be3 a5 14. b3 Nc5
15. Rab1 e6 16. Rfd1 Be5 17. Bf1 Qh4 1/2-1/2

[Event "Gibtelecom Masters 2005"]
[Site "Gibraltar ENG"]
[Date "2005.01.30"]
[Round "6.18"]
[White "Del Rio Angelis, Salvador G"]
[Black "Thorfinnsson, Bjorn"]
[Result "1-0"]
[WhiteElo "2502"]
[BlackElo "2356"]
[PlyCount "77"]
[EventDate "2005.01.26"]
[EventType "swiss"]
[EventRounds "10"]
[EventCountry "ENG"]
[Source "lmi"]
[SourceDate "2005.02.03"]

1. e4 e5 2. Nf3 Nc6 3. Bb5 a6 4. Ba4 Nf6 5. O-O b5 6. Bb3 Bc5 7. a4 Rb8 8. axb5
axb5 9. Nxe5 Nxe5 10. d4 Bxd4 11. Qxd4 d6 12. f4 Ng6 13. e5 dxe5 14. Qxd8+ Kxd8
15. fxe5 Nxe5 16. Bg5 Rb6 17. Nc3 Bb7 18. Be3 Rd6 19. Nxb5 Rd7 20. Bg5 Kc8 21.
Nc3 h6 22. Bxf6 gxf6 23. Rad1 Rxd1 24. Rxd1 f5 25. Bd5 c6 26. Bb3 Rg8 27. Rf1
c5 28. Bd5 Nc4 29. Rxf5 Ne3 30. Bxb7+ Kxb7 31. Rxf7+ Kb6 32. Rf2 Ra8 33. Re2
Ra1+ 34. Kf2 Nc4 35. b3 Na3 36. Na4+ Kb5 37. Nc3+ Ka5 38. Nd5 Rb1 39. Re8 1-0

[Event "Gibtelecom Masters 2005"]
[Site "Gibraltar ENG"]
[Date "2005.01.30"]
[Round "6.19"]
[White "Hassan, Abdullah"]
[Black "Pert, Nicholas"]
[Result "1/2-1/2"]
[WhiteElo "2357"]
[BlackElo "2501"]
[PlyCount "86"]
[EventDate "2005.01.26"]
[EventType "swiss"]
[EventRounds "10"]
[EventCountry "ENG"]
[Source "lmi"]
[SourceDate "2005.02.03"]

1. d4 e6 2. Nf3 Nf6 3. e3 d5 4. c4 Be7 5. Nc3 O-O 6. Bd3 c5 7. cxd5 exd5 8.
dxc5 Bxc5 9. O-O Re8 10. b3 Nc6 11. Bb2 Bg4 12. Be2 Be6 13. Rc1 Qe7 14. Nb5 Ne4
15. Nbd4 Rac8 16. Nxc6 bxc6 17. Nd4 Bd7 18. Bg4 Bd6 19. Nf5 Bxf5 20. Bxf5 Rc7
21. Qg4 Nf6 22. Qa4 Be5 23. Ba3 Bd6 24. Bb2 Be5 25. Ba3 c5 26. g3 g6 27. Bh3
Ne4 28. Bg2 Nc3 29. Rxc3 Bxc3 30. Bxd5 Rd8 31. Qc4 Bf6 32. Rc1 Qd6 33. Bf3 Qd3
34. Qf4 Qd6 35. Qc4 Qe6 36. Qc2 a5 37. Qe2 a4 38. Qb5 axb3 39. axb3 Be7 40. Rc4
Bf8 41. Qa5 Qe7 42. Bxc5 Qe5 43. Bb6 Qxa5 1/2-1/2

[Event "Gibtelecom Masters 2005"]
[Site "Gibraltar ENG"]
[Date "2005.01.30"]
[Round "6.20"]
[White "Williams, Simon"]
[Black "Kekki, Petri"]
[Result "1/2-1/2"]
[WhiteElo "2487"]
[BlackElo "2362"]
[PlyCount "71"]
[EventDate "2005.01.26"]
[EventType "swiss"]
[EventRounds "10"]
[EventCountry "ENG"]
[Source "lmi"]
[SourceDate "2005.02.03"]

1. c4 Nf6 2. d4 g6 3. Nc3 d5 4. h4 c6 5. cxd5 cxd5 6. Bf4 Nc6 7. e3 Bf5 8. Nf3
Ne4 9. Nxe4 dxe4 10. Nd2 e5 11. Bxe5 Nxe5 12. dxe5 Qa5 13. a3 Rd8 14. b4 Qxe5
15. Rc1 Be7 16. Qa4+ Bd7 17. Qxa7 Bc6 18. Nc4 Qf6 19. Be2 O-O 20. g3 Ra8 21.
Qb6 Bd8 22. Qc5 Be7 23. Qg5 Qxg5 24. hxg5 Bxg5 25. Na5 Bd5 26. Rc5 Rfd8 27. Rb5
Bf6 28. O-O Bc6 29. Rc5 Rd2 30. Bb5 Bd5 31. Rc7 Bd8 32. Rd7 Bxa5 33. bxa5 Rc8
34. a4 Rc5 35. Ra1 Rb2 36. Re7 1/2-1/2

[Event "Gibtelecom Masters 2005"]
[Site "Gibraltar ENG"]
[Date "2005.01.30"]
[Round "6.21"]
[White "Mortazavi, Ali"]
[Black "Ward, Christopher"]
[Result "0-1"]
[WhiteElo "2371"]
[BlackElo "2485"]
[PlyCount "54"]
[EventDate "2005.01.26"]
[EventType "swiss"]
[EventRounds "10"]
[EventCountry "ENG"]
[Source "lmi"]
[SourceDate "2005.02.03"]

1. d4 Nf6 2. c4 e6 3. Nc3 Bb4 4. e3 b6 5. Bd3 Bb7 6. Nge2 Bxg2 7. Rg1 Bf3 8.
Rg3 Bxc3+ 9. bxc3 Be4 10. Qc2 Bxd3 11. Qxd3 g6 12. e4 d6 13. Bg5 h6 14. Rh3 Rh7
15. Bxh6 Nh5 16. Bd2 Nc6 17. f4 Qd7 18. f5 O-O-O 19. fxg6 fxg6 20. Rb1 Rf8 21.
Rf3 Rhf7 22. Rxf7 Qxf7 23. Kd1 Qf2 24. Qh3 Kb7 25. Be3 Rf3 26. Bxf2 Rxh3 27.
Bg1 Rh4 0-1

[Event "Gibtelecom Masters 2005"]
[Site "Gibraltar ENG"]
[Date "2005.01.30"]
[Round "6.22"]
[White "Gormally, Daniel"]
[Black "Quillan, Gary"]
[Result "1-0"]
[WhiteElo "2472"]
[BlackElo "2322"]
[PlyCount "41"]
[EventDate "2005.01.26"]
[EventType "swiss"]
[EventRounds "10"]
[EventCountry "ENG"]
[Source "lmi"]
[SourceDate "2005.02.03"]

1. e4 e6 2. d4 d5 3. Nd2 Nf6 4. e5 Nfd7 5. c3 c5 6. Ngf3 Nc6 7. Bd3 Be7 8. O-O
a5 9. Re1 cxd4 10. cxd4 Qb6 11. Nb1 Nxd4 12. Nxd4 Qxd4 13. Nc3 Bc5 14. Be3 Qh4
15. Bc2 b6 16. Nxd5 exd5 17. Qxd5 Ra7 18. e6 O-O 19. exf7+ Kh8 20. Bxc5 bxc5
21. Re8 1-0

[Event "Gibtelecom Masters 2005"]
[Site "Gibraltar ENG"]
[Date "2005.01.30"]
[Round "6.23"]
[White "Cmilyte, Viktorija"]
[Black "Howell, David"]
[Result "1/2-1/2"]
[WhiteElo "2468"]
[BlackElo "2348"]
[PlyCount "86"]
[EventDate "2005.01.26"]
[EventType "swiss"]
[EventRounds "10"]
[EventCountry "ENG"]
[Source "lmi"]
[SourceDate "2005.02.03"]

1. d4 Nf6 2. c4 g6 3. Nc3 d5 4. Nf3 Bg7 5. Qb3 dxc4 6. Qxc4 O-O 7. e4 Nc6 8.
Be2 Bg4 9. d5 Na5 10. Qb4 Bxf3 11. Bxf3 c6 12. O-O Qb6 13. Qa4 Nd7 14. dxc6
Nxc6 15. Nd5 Qd8 16. Bg5 Nb6 17. Qa3 Re8 18. Rad1 Nxd5 19. exd5 Nd4 20. Be4 Qd6
21. Qxd6 exd6 22. f3 Ne2+ 23. Kh1 Bxb2 24. Rb1 Bg7 25. Rxb7 Nc3 26. Rd7 Be5 27.
Bd3 h6 28. Bxh6 Red8 29. Rxd8+ Rxd8 30. Bg5 Rb8 31. f4 Bg7 32. f5 gxf5 33. Bxf5
Nxa2 34. h4 Nc3 35. Bd3 a5 36. h5 a4 37. h6 Be5 38. Bc1 Nxd5 39. Bc4 Rb4 40.
Bxd5 Rh4+ 41. Kg1 Bd4+ 42. Rf2 Bxf2+ 43. Kxf2 a3 1/2-1/2

[Event "Gibtelecom Masters 2005"]
[Site "Gibraltar ENG"]
[Date "2005.01.30"]
[Round "6.24"]
[White "Arakhamia Grant, Ketevan"]
[Black "Calzetta Ruiz, Monica"]
[Result "1/2-1/2"]
[WhiteElo "2454"]
[BlackElo "2281"]
[PlyCount "103"]
[EventDate "2005.01.26"]
[EventType "swiss"]
[EventRounds "10"]
[EventCountry "ENG"]
[Source "lmi"]
[SourceDate "2005.02.03"]

1. e4 c5 2. Nf3 d6 3. c3 Nf6 4. Be2 g6 5. O-O Bg7 6. Re1 O-O 7. Bf1 Nc6 8. h3
e5 9. Na3 d5 10. exd5 Nxd5 11. Bb5 Nde7 12. d3 a6 13. Ba4 b5 14. Bc2 Nd5 15.
Bg5 f6 16. Bd2 Bb7 17. Qe2 Kh8 18. Rad1 Re8 19. Bb1 Qd7 20. Qf1 Rad8 21. Nc2
Nc7 22. Be3 Ne6 23. Nh2 f5 24. f3 Qc7 25. a3 Ne7 26. Ba2 Nd5 27. Bf2 Ndf4 28.
g3 Nd5 29. h4 Re7 30. Qe2 Rde8 31. Qd2 Qc6 32. Re2 Nf6 33. Ne1 e4 34. dxe4 Rd7
35. Bd5 Qc7 36. Qc2 Nxd5 37. exd5 Bxd5 38. Ng2 Be5 39. Ne3 Bc6 40. Rxd7 Bxd7
41. Nef1 Bc6 42. Qd2 Kg7 43. Qe1 Kf6 44. Ne3 Bd6 45. b4 Kf7 46. Nc2 Bd5 47. Ne3
Bc6 48. Nc2 Bd5 49. Ne3 Bc6 50. Nc2 Bd5 51. Ne3 Bc6 52. Nc2 1/2-1/2

[Event "Gibtelecom Masters 2005"]
[Site "Gibraltar ENG"]
[Date "2005.01.30"]
[Round "6.25"]
[White "Shaw, John"]
[Black "Vinas Guerrero, Carlos A"]
[Result "1-0"]
[WhiteElo "2445"]
[BlackElo "2096"]
[PlyCount "79"]
[EventDate "2005.01.26"]
[EventType "swiss"]
[EventRounds "10"]
[EventCountry "ENG"]
[Source "lmi"]
[SourceDate "2005.02.03"]

1. e4 d5 2. exd5 Qxd5 3. Nc3 Qd6 4. d4 Nf6 5. Nf3 a6 6. g3 Bg4 7. Bg2 Nc6 8.
O-O O-O-O 9. d5 Nb4 10. h3 Bh5 11. Bf4 Qc5 12. Be3 Qa5 13. g4 Nfxd5 14. Nxd5
Nxd5 15. Bd2 Qc5 16. gxh5 Nf4 17. Qe1 Nxg2 18. Kxg2 Qxh5 19. Bf4 e6 20. Rd1
Qg6+ 21. Kh2 Rxd1 22. Qxd1 Bd6 23. Bxd6 Rd8 24. Rg1 Qh6 25. Qd4 Rxd6 26. Qxg7
Qf4+ 27. Rg3 h5 28. Qh8+ Rd8 29. Qxh5 Rd1 30. Qh4 Qxh4 31. Nxh4 Rd2 32. Rf3
Rxc2 33. Rxf7 Rxb2 34. Ng6 Rxa2 35. h4 Ra5 36. f4 Rh5 37. Kg3 Rh6 38. Rf8+ Kd7
39. Ne5+ Kd6 40. Rb8 1-0

[Event "Gibtelecom Masters 2005"]
[Site "Gibraltar ENG"]
[Date "2005.01.30"]
[Round "6.26"]
[White "Nezad, Husein Aziz"]
[Black "Tissir, Mohamed"]
[Result "1/2-1/2"]
[WhiteElo "2349"]
[BlackElo "2426"]
[PlyCount "111"]
[EventDate "2005.01.26"]
[EventType "swiss"]
[EventRounds "10"]
[EventCountry "ENG"]
[Source "lmi"]
[SourceDate "2005.02.03"]

1. e4 e6 2. d4 d5 3. Nd2 c5 4. exd5 Qxd5 5. Ngf3 cxd4 6. Bc4 Qd6 7. O-O Nf6 8.
Nb3 Nc6 9. Nbxd4 Nxd4 10. Qxd4 Qxd4 11. Nxd4 Bd7 12. Be2 Bc5 13. Nb3 Bb6 14. a4
Rc8 15. a5 Bd8 16. a6 bxa6 17. c3 O-O 18. Bxa6 Rb8 19. Na5 Bb5 20. Bxb5 Rxb5
21. Nc6 a5 22. c4 Rc5 23. Nxd8 Rxd8 24. b3 Rb8 25. Rd1 h6 26. Rd3 Ra8 27. h3
Rcc8 28. Bd2 a4 29. Rxa4 Rxa4 30. bxa4 Rxc4 31. Ra3 Rc2 32. Be1 Rc6 33. a5 Ra6
34. Kf1 Kf8 35. Rb3 Ra7 36. Ra3 Ra6 37. g4 Nd5 38. h4 Ke7 39. Bd2 Kd6 40. Rb3
Ra7 41. Rb8 f5 42. gxf5 exf5 43. Ke2 Ke5 44. Kd3 g5 45. h5 Nf4+ 46. Kc4 Rc7+
47. Kb5 Ne6 48. a6 Rc2 49. Ba5 Nd4+ 50. Kb6 Rb2+ 51. Kc7 Ra2 52. Re8+ Kd5 53.
Rd8+ Kc4 54. Kb7 Rxa5 55. Rd6 g4 56. Rxh6 1/2-1/2

[Event "Gibtelecom Masters 2005"]
[Site "Gibraltar ENG"]
[Date "2005.01.30"]
[Round "6.28"]
[White "Cazelais, Marc"]
[Black "Skripchenko, Almira"]
[Result "0-1"]
[WhiteElo "2201"]
[BlackElo "2459"]
[PlyCount "110"]
[EventDate "2005.01.26"]
[EventType "swiss"]
[EventRounds "10"]
[EventCountry "ENG"]
[Source "lmi"]
[SourceDate "2005.02.03"]

1. e4 g6 2. d4 Bg7 3. Nc3 d6 4. Nf3 Nd7 5. Be3 a6 6. a4 e6 7. Qd2 h6 8. Be2 b6
9. O-O Bb7 10. Bd3 Ne7 11. Rfe1 Kf8 12. h3 Kg8 13. Ne2 Kh7 14. c3 Rf8 15. Nh2
Ng8 16. f4 f5 17. e5 Qe7 18. Ng3 dxe5 19. dxe5 Nc5 20. Bc4 Rfd8 21. Qe2 Nxa4
22. Rxa4 b5 23. Bxb5 axb5 24. Rxa8 Bxa8 25. Nf3 b4 26. Rd1 bxc3 27. bxc3 Bd5
28. Ra1 Bxf3 29. Qxf3 Rd3 30. Ne2 Qd7 31. Qf2 Ne7 32. Bd4 Rd2 33. Qe1 Rb2 34.
Rb1 Ra2 35. Ra1 Qa4 36. Rxa2 Qxa2 37. Kf1 Nd5 38. Qd1 Qc4 39. Qd2 c5 40. Be3 g5
41. g3 gxf4 42. gxf4 Bf8 43. Bf2 Be7 44. Ke1 Bd8 45. Kd1 Ba5 46. Kc2 Kg6 47.
Kb2 Qb5+ 48. Kc2 Qc4 49. Kb2 Nb6 50. Be1 Qb5+ 51. Kc1 Nd5 52. Kc2 Qa4+ 53. Kc1
Qa1+ 54. Kc2 c4 55. Qd4 Qxe1 0-1

[Event "Gibtelecom Masters 2005"]
[Site "Gibraltar ENG"]
[Date "2005.01.30"]
[Round "6.29"]
[White "Kobese, Watu"]
[Black "Fraser Mitchell, Jeremy M"]
[Result "1-0"]
[WhiteElo "2419"]
[BlackElo "2092"]
[PlyCount "82"]
[EventDate "2005.01.26"]
[EventType "swiss"]
[EventRounds "10"]
[EventCountry "ENG"]
[Source "lmi"]
[SourceDate "2005.02.03"]

1. e4 e6 2. d4 d5 3. Nc3 Bb4 4. e5 c5 5. a3 Bxc3+ 6. bxc3 Qc7 7. Nf3 b6 8. Bb5+
Bd7 9. Bd3 Ba4 10. h4 Nd7 11. h5 h6 12. O-O c4 13. Be2 O-O-O 14. Nh4 Ne7 15.
Bg4 Rdg8 16. f4 Nf8 17. f5 Kb8 18. f6 Nc6 19. fxg7 Rxg7 20. Bh3 Qe7 21. Nf3 Nd7
22. Bf4 Kb7 23. Qd2 Rgh7 24. Rfe1 a6 25. g3 Na7 26. Nh2 Nb5 27. Ra2 Rg8 28. Kh1
Rhg7 29. Nf1 Nb8 30. Kh2 Nc6 31. Ne3 Nc7 32. Rf1 Nb5 33. Nd1 Nxa3 34. Qc1 Bxc2
35. Rxc2 Nxc2 36. Qxc2 b5 37. Qb2 Kb6 38. Ne3 a5 39. Bg2 Ka6 40. Rb1 Rb8 41.
Qc2 f5 1-0

[Event "Gibtelecom Masters 2005"]
[Site "Gibraltar ENG"]
[Date "2005.01.30"]
[Round "6.30"]
[White "Hennigan, Michael"]
[Black "Mitchell, Martin"]
[Result "1-0"]
[WhiteElo "2408"]
[BlackElo "2147"]
[PlyCount "59"]
[EventDate "2005.01.26"]
[EventType "swiss"]
[EventRounds "10"]
[EventCountry "ENG"]
[Source "lmi"]
[SourceDate "2005.02.03"]

1. g3 e5 2. Bg2 d5 3. d3 Nf6 4. c3 a5 5. Nd2 Nc6 6. Qc2 Be7 7. Ngf3 O-O 8. O-O
b6 9. b3 Bb7 10. Bb2 Re8 11. c4 e4 12. dxe4 dxe4 13. Ng5 Nb4 14. Qc1 e3 15.
Bxb7 exd2 16. Qb1 Rb8 17. Bg2 h6 18. Nf3 Bc5 19. e3 Ne4 20. Nd4 Bxd4 21. exd4
Nxf2 22. Kxf2 Re1 23. Rxe1 dxe1=Q+ 24. Kxe1 Qf6 25. Qe4 Kf8 26. Qf3 Qg6 27. Ba3
Re8+ 28. Kf1 Re6 29. Bxb4+ axb4 30. Kg1 1-0

[Event "Gibtelecom Masters 2005"]
[Site "Gibraltar ENG"]
[Date "2005.01.30"]
[Round "6.31"]
[White "Black, Richard"]
[Black "Belezky, Sasha"]
[Result "1/2-1/2"]
[WhiteElo "2235"]
[BlackElo "2399"]
[PlyCount "66"]
[EventDate "2005.01.26"]
[EventType "swiss"]
[EventRounds "10"]
[EventCountry "ENG"]
[Source "lmi"]
[SourceDate "2005.02.03"]

1. e4 c5 2. Nf3 d6 3. d4 cxd4 4. Nxd4 Nf6 5. Nc3 g6 6. Be3 Bg7 7. f3 Nc6 8. Qd2
O-O 9. g4 Nxd4 10. Bxd4 Be6 11. O-O-O Qa5 12. a3 Rfc8 13. h4 Rab8 14. h5 b5 15.
hxg6 fxg6 16. g5 Nh5 17. Bxg7 Nxg7 18. Bh3 Bxh3 19. Rxh3 Rc5 20. Nd5 Qxd2+ 21.
Rxd2 Rb7 22. b3 Nh5 23. f4 a5 24. f5 a4 25. Kb2 Kf7 26. Rf3 e6 27. fxe6+ Kxe6
28. Rf8 Ng3 29. Re8+ Kf7 30. Rh8 Kg7 31. Re8 Kf7 32. Rh8 Kg7 33. Re8 Kf7
1/2-1/2

[Event "Gibtelecom Masters 2005"]
[Site "Gibraltar ENG"]
[Date "2005.01.30"]
[Round "6.32"]
[White "Arsenault, Nicolas"]
[Black "Welling, Gerard"]
[Result "0-1"]
[WhiteElo "2138"]
[BlackElo "2369"]
[PlyCount "92"]
[EventDate "2005.01.26"]
[EventType "swiss"]
[EventRounds "10"]
[EventCountry "ENG"]
[Source "lmi"]
[SourceDate "2005.02.03"]

1. e4 b6 2. d4 Bb7 3. f3 e6 4. Be3 g6 5. Nc3 Bg7 6. Qd2 d6 7. O-O-O Nd7 8. h4
h6 9. g4 Ne7 10. g5 h5 11. Nge2 a6 12. Ng3 b5 13. d5 e5 14. Bh3 Nc8 15. Nce2
Ncb6 16. b3 a5 17. Rhf1 a4 18. Kb1 Bc8 19. Nh1 O-O 20. Nf2 Nc5 21. Bg2 Ba6 22.
Nd3 axb3 23. axb3 Nxd3 24. cxd3 Qb8 25. Qb4 Bc8 26. Nc3 Bd7 27. Kb2 Qb7 28. Ra1
Rfc8 29. Rxa8 Rxa8 30. Ra1 Rxa1 31. Kxa1 Bf8 32. Qa5 Nc8 33. d4 Bg7 34. dxe5
Bxe5 35. f4 Bg7 36. Kb1 c6 37. dxc6 Bxc6 38. Nd5 Bxd5 39. exd5 Ne7 40. Qa7 Qc8
41. Bd4 Bxd4 42. Qxd4 Nf5 43. Qd3 Nxh4 44. Bh3 Qc5 45. Bd7 Qg1+ 46. Ka2 Qa7+
0-1

[Event "Gibtelecom Masters 2005"]
[Site "Gibraltar ENG"]
[Date "2005.01.30"]
[Round "6.33"]
[White "Dunn, Andrew"]
[Black "Radovanovic, Jovica"]
[Result "0-1"]
[WhiteElo "2186"]
[BlackElo "2329"]
[PlyCount "96"]
[EventDate "2005.01.26"]
[EventType "swiss"]
[EventRounds "10"]
[EventCountry "ENG"]
[Source "lmi"]
[SourceDate "2005.02.03"]

1. d4 Nf6 2. Nf3 g6 3. Bg5 Bg7 4. Nbd2 c5 5. Bxf6 Bxf6 6. Ne4 Qb6 7. Nxf6+ Qxf6
8. c3 cxd4 9. Qxd4 Qxd4 10. cxd4 d6 11. e3 Nc6 12. Be2 Be6 13. Ng5 Bd7 14. Rc1
Rc8 15. a3 O-O 16. O-O Kg7 17. Rc3 h6 18. Nf3 f5 19. Rfc1 Kf6 20. d5 Ne5 21.
Nxe5 dxe5 22. Rc7 e4 23. f4 exf3 24. Bxf3 Rfe8 25. Kf2 Ke5 26. b4 Kd6 27. R7c4
g5 28. g3 Rxc4 29. Rxc4 Rc8 30. Rxc8 Bxc8 31. e4 f4 32. gxf4 gxf4 33. Bh5 Ke5
34. Kf3 Bd7 35. Bg6 Ba4 36. Bf5 Bd1+ 37. Kf2 Kd4 38. Bg6 Bg4 39. h4 Bd1 40. Bf5
Bh5 41. Bh7 Bg4 42. Bg6 Ke5 43. a4 Bd7 44. a5 Kf6 45. Bh5 Ba4 46. Bg4 Bb3 47.
Ke2 Ke5 48. Bc8 b6 0-1

[Event "Gibtelecom Masters 2005"]
[Site "Gibraltar ENG"]
[Date "2005.01.30"]
[Round "6.34"]
[White "Obers, Frits"]
[Black "Orr, Mark JL"]
[Result "0-1"]
[WhiteElo "2084"]
[BlackElo "2324"]
[PlyCount "104"]
[EventDate "2005.01.26"]
[EventType "swiss"]
[EventRounds "10"]
[EventCountry "ENG"]
[Source "lmi"]
[SourceDate "2005.02.03"]

1. d4 e6 2. Nf3 Nf6 3. Bf4 b6 4. e3 Be7 5. h3 O-O 6. c4 Bb7 7. Nc3 d5 8. Qc2 c5
9. Rd1 Nbd7 10. dxc5 bxc5 11. Be2 dxc4 12. Bxc4 Bxf3 13. gxf3 Qa5 14. O-O Nb6
15. Be2 Nfd5 16. Nxd5 Nxd5 17. Be5 Bf6 18. Bxf6 Nxf6 19. Bc4 Rfd8 20. Rxd8+
Rxd8 21. Rd1 Rxd1+ 22. Qxd1 Qb6 23. b3 Kf8 24. Qd3 Ke7 25. Qc3 Ne8 26. Qd3 g6
27. Qe4 h5 28. Qh4+ Kd7 29. Kg2 Nd6 30. Qf4 Nf5 31. Bd3 Nd6 32. Qa4+ Kc8 33.
Qa3 a5 34. Qa4 Kc7 35. a3 Kd8 36. Qh4+ Ke8 37. Qa4+ Kf8 38. Qd7 Kg7 39. Qa4 Qc7
40. Qf4 Ne8 41. Qa4 Nf6 42. Qc4 Qe5 43. b4 cxb4 44. axb4 a4 45. Bc2 a3 46. Bb3
Nd5 47. b5 Qb2 48. Kf1 Nb6 49. Qd4+ Qxd4 50. exd4 Kf6 51. h4 Ke7 52. f4 Nd5 0-1

[Event "Gibtelecom Masters 2005"]
[Site "Gibraltar ENG"]
[Date "2005.01.30"]
[Round "6.36"]
[White "Weeramantry, Sunil"]
[Black "Flores Chico, Jorge"]
[Result "0-1"]
[WhiteElo "2258"]
[BlackElo "2125"]
[PlyCount "66"]
[EventDate "2005.01.26"]
[EventType "swiss"]
[EventRounds "10"]
[EventCountry "ENG"]
[Source "lmi"]
[SourceDate "2005.02.03"]

1. e4 e6 2. d4 d5 3. Nc3 Nf6 4. Bg5 Bb4 5. e5 h6 6. Bd2 Bxc3 7. bxc3 Ne4 8. Qg4
g6 9. Bd3 Nxd2 10. Kxd2 c5 11. h4 Nc6 12. Nf3 Qc7 13. Qf4 f5 14. g4 Bd7 15.
gxf5 gxf5 16. Rhg1 O-O-O 17. Rg6 Qa5 18. h5 b5 19. Rag1 b4 20. Rxh6 bxc3+ 21.
Kd1 Rxh6 22. Qxh6 Nb4 23. Ne1 c4 24. Bxf5 exf5 25. e6 Ba4 26. e7 Re8 27. Rg8
Qc7 28. Qe6+ Kb7 29. Rxe8 Bxe8 30. h6 Qf4 31. Qe3 Bh5+ 32. Kc1 Nxa2+ 33. Kb1
Qd6 0-1

[Event "Gibtelecom Masters 2005"]
[Site "Gibraltar ENG"]
[Date "2005.01.30"]
[Round "6.37"]
[White "Johannesson, Ingvar Thor"]
[Black "Duncanson, Henry G"]
[Result "1-0"]
[WhiteElo "2315"]
[BlackElo "2110"]
[PlyCount "33"]
[EventDate "2005.01.26"]
[EventType "swiss"]
[EventRounds "10"]
[EventCountry "ENG"]
[Source "lmi"]
[SourceDate "2005.02.03"]

1. b3 f5 2. Bb2 e6 3. e4 Nf6 4. exf5 exf5 5. Qe2+ Kf7 6. Nf3 g6 7. Nc3 c6 8.
O-O-O Na6 9. h4 Qe7 10. Ng5+ Kg7 11. Nce4 fxe4 12. Nxe4 Kf7 13. Bxf6 Qa3+ 14.
Bb2 Qa5 15. Ng5+ Kg8 16. Qf3 Qf5 17. Qc3 1-0